Kuuluisat Etunimet #3 - Statistics

Yleistilastot
  • Tätä visaa on pelattu 215 kertaa
  • Keskiarvotulos 13 / 18
Vastaustilastot
Etunimi Kuuluisat sukunimet % Oikein
Teemu Brunila, Selänne, Pukki
98%
Karl Fazer, Marx, Benz
94%
Mikael Granlund, Gabriel, Forssell
90%
Aki Sirkesalo, Kaurismäki, Parviainen
87%
Tuomas Vimma, Enbuske, Kyrö
86%
Kari Suomalainen, Tapio, Peitsamo
84%
Mira Luoti, Sorvino, Kivilä
82%
Armi Aavikko, Kuusela, Ratia
81%
Jonna Geagea , Tervomaa, Nygren
81%
Jani Sievinen, Toivola, Keinänen
78%
Elisabeth Rehn, Taylor, Shue
73%
Robert Kennedy, De Niro, Helenius
70%
Siiri Angerkoski, Nordin, Rantanen
63%
Marika Fingerroos, Krook, Makaroff
54%
Martin Saarikangas, Scorsese, Van Buren
44%
Susanna Pöykiö, Mälkki, Ruusunen
41%
Helmut Kohl, Lotti, Lang
40%
Helvi Sipilä, Hämäläinen, Leiviskä
23%
Ehtoja vastaavia visoja ei löytynyt
Tulosjakauma
Jokaisen tuloksen saaneiden osuus
Persentiili vastausten määrän mukaan
Tuloshistoriasi
Et ole pelannut tätä visaa